ბათუმის შოთა რუსთაველის სახელმწიფო უნივერსიტეტის ბიბლიოთეკა

თხზულებანი ხუთ ტომად.ტ.2 (ბიბ.ჩანაწერი № 42943)

000 -LEADER
fixed length control field 00978nam a2200229Ia 4500
001 - CONTROL NUMBER
control field 9659
003 - CONTROL NUMBER IDENTIFIER
control field GE_BSU
008 - FIXED-LENGTH DATA ELEMENTS--GENERAL INFORMATION
fixed length control field 181216s||||||||xx |||||||||||||| ||und||
040 ## - CATALOGING SOURCE
Transcribing agency GE_BSU
080 ## - UNIVERSAL DECIMAL CLASSIFICATION NUMBER
Universal Decimal Classification number 821.353.1–1+821.353.1-11
100 ## - MAIN ENTRY--PERSONAL NAME
Personal name მირცხულავა,ალიო
245 ## - TITLE STATEMENT
Title თხზულებანი ხუთ ტომად.ტ.2
245 ## - TITLE STATEMENT
Remainder of title ლექსები,პოემები
245 ## - TITLE STATEMENT
Statement of responsibility, etc. ტომი გამოსაც. მოამზადა ლამარა გვარამაძემ.სარედ.კოლ.გურამ გვერდწითელი და სხვ.ტომის რედ. გრ. ხერხეულიძე.დ. თევზაძე
260 ## - PUBLICATION, DISTRIBUTION, ETC.
Place of publication, distribution, etc. თბილისი
260 ## - PUBLICATION, DISTRIBUTION, ETC.
Name of publisher, distributor, etc. მერანი
260 ## - PUBLICATION, DISTRIBUTION, ETC.
Date of publication, distribution, etc. 1977
300 ## - PHYSICAL DESCRIPTION
Extent 525გვ.20სმ.
300 ## - PHYSICAL DESCRIPTION
Dimensions ანბ.საძიებ.გვ.509-516
653 ## - INDEX TERM--UNCONTROLLED
Uncontrolled term თხზულებანი
942 ## - ADDED ENTRY ELEMENTS (KOHA)
Koha item type წიგნი
ეგზემპლარები
Withdrawn status Lost status Damaged status Not for loan Date acquired Barcode Date last seen Price effective from Koha item type
        2018-12-17 32733 2018-12-17 2018-12-17 წიგნი
        2018-12-17 32734 2018-12-17 2018-12-17 წიგნი
        2018-12-17 32735 2018-12-17 2018-12-17 წიგნი